[Event "North American Blitz op 30th"]
[Site "ICC INT"]
[Date "2020.12.31"]
[Round "9"]
[White "Ramaswamy, Pudur"]
[Black "Edidiong, Okpongete"]
[Result "0-1"]
[WhiteElo "1356"]
[BlackElo "2034"]
[PlyCount "56"]
[EventDate "2020.12.31"]
[EventType "swiss (blitz)"]
[EventRounds "11"]
[EventCountry "USA"]
[SourceTitle "CBM 200 Extra"]
[Source "ChessBase"]
[SourceDate "2021.03.31"]
[SourceVersion "1"]
[SourceVersionDate "2021.03.31"]
[SourceQuality "1"]

1. d4 e5 2. d5 Bc5 3. c4 f5 4. a3 d6 5. b4 Bb6 6. Nc3 Nf6 7. Bg5 Bxf2+ 8. Kd2 Bd4 9. Nf3 Bxc3+ 10. Kxc3 Ne4+ 11. Kb3 Nxg5 12. h4 Ne4 13. Qc2 a5 14. g4 axb4 15. a4 Na6 16. Bg2 Nac5+ 17. Kb2 b3 18. Qd1 Nxa4+ 19. Rxa4 Rxa4 20. Qxb3 Nc5 21. Qb5+ Bd7 22. Qxa4 Nxa4+ 23. Kb3 Nc5+ 24. Kb4 c6 25. g5 Qb6+ 26. Kc3 Qb3+ 27. Kd2 Ne4+ 28. Ke1 Qb1# 0-1

[Event "North American Blitz op 30th"]
[Site "ICC INT"]
[Date "2020.12.31"]
[Round "10"]
[White "Ramaswamy, Pudur"]
[Black "Lopez, Francisco2222"]
[Result "1/2-1/2"]
[WhiteElo "1356"]
[BlackElo "1423"]
[PlyCount "70"]
[EventDate "2020.12.31"]
[EventType "swiss (blitz)"]
[EventRounds "11"]
[EventCountry "USA"]
[SourceTitle "CBM 200 Extra"]
[Source "ChessBase"]
[SourceDate "2021.03.31"]
[SourceVersion "1"]
[SourceVersionDate "2021.03.31"]
[SourceQuality "1"]

1. d4 Nf6 2. Bf4 g6 3. Nc3 Bg7 4. e4 d6 5. Qd2 0-0 6. 0-0-0 a6 7. h4 b5 8. f3 b4 9. Nd5 Nxd5 10. exd5 c5 11. dxc5 dxc5 12. Bh6 Qa5 13. Bxg7 Qxa2 14. c4 Kxg7 15. Bd3 h6 16. g4 Nd7 17. Ne2 Nb6 18. h5 Nxc4 19. Bxc4 Qxc4+ 20. Kb1 g5 21. Rc1 Qb5 22. Qe3 e6 23. Qe5+ f6 24. Qe4 f5 25. Qe5+ Rf6 26. d6 Bd7 27. Rxc5 Qd3+ 28. Ka1 Rb8 29. Rc7 Rb5 30. Rxd7+ Kg8 31. Rd8+ Kg7 32. Rd7+ Kg8 33. Rd8+ Kg7 34. Rd7+ Kg8 35. Rd8+ Kg7 1/2-1/2